000 00458nam a2200133 a 4500
008 120416s1981 ||||||||||||||||| || u
050 _aHG 3852 Uge
100 _aUgeux, Georges
245 1 0 _aFloating rate notes
260 _aLondon
_bEuromoney
_c1981
300 _axi, 152p. : ill.
350 _a0.00
995 _D0.00
_FCBU-MAIN LIBRARY (Kitwe)
_H1
_I0.00
_M1
_UAVAILABLE
_ZAnnex Low-Usage Collection
999 _c43630
_d43630